00739nam a2200205 a 450000100060000000300090000600800410001502000150005604000280007108200180009910000300011724500710014726000460021830000110026459000500027565000140032594200120033999900170035195201650036818257CO-ViMGA141112s2004 ck r 000 u spa d a9700513505 aCO-ViMGAbspacCO-ViMGA04a616.8528 L1551 aLammoglia, Ernesto92600710aLas Mascaras de la Depresion : bvivir sufriendo y sufrir viviendo aMexico, cEditorial Grijalbo S.A., c2001 a204 p. aForma de adquisición : premio Min - cultura14aDEPRESION 2ddccBK c27610d27610 00102ddc40708002aMEVIECARbMEVIECARd2015-12-04hVolumen. 1 | 11/jun/2009l1o616.8528 L155 p18257r2022-06-16 00:00:00s2022-06-09tEj. 1w2015-12-04yBK